000 00337nam a2200133Ia 4500
008 240624s9999 xx 000 0 und d
041 _aeng
082 _a658.3125 IIG
100 _aILGEN DANIEL R
245 _aCHANGING NATURE OF PERFORMANCE IMPLICATI
260 _c1999
_aSan Francisco
_bPfeiffer
300 _a452 : p.
365 _c
_b32
999 _c18069
_d18069